书目信息 |
| 题名: |
微生物育种学术讨论会文集
|
|
| 作者: | 本书组编 | |
| 分册: | ||
| 出版信息: | 北京 科学出版社 1975.09 |
|
| 页数: | 114页 | |
| 开本: | 26cm | |
| 丛书名: | ||
| 单 册: | ||
| 中图分类: | Q933 | |
| 科图分类: | ||
| 主题词: | 微生物遗传学 | |
| 电子资源: | ||
| ISBN: | ||
| 000 | 00630nam0 2200205 450 | |
| 001 | 0835551377 | |
| 005 | 20081030095502.61 | |
| 010 | @dCNY0.80 | |
| 091 | @a13031.263 | |
| 100 | @a20081030d1975 km y0chiy0120 ea | |
| 101 | 0 | @achi |
| 102 | @aCN@b110000 | |
| 200 | 1 | @a微生物育种学术讨论会文集@Awei sheng wu yu zhong xue shu tao lun hui wen ji@e研究工作报告@f本书组编@Fben shu zu bian |
| 210 | @a北京@c科学出版社@d1975.09 | |
| 215 | @a114页@d26cm | |
| 517 | 1 | @a研究工作报告@Ayan jiu gong zuo bao gao |
| 606 | 0 | @a微生物遗传学 |
| 690 | @aQ933@v4 | |
| 801 | 0 | @aCN@b大连网信软件有限公司图书馆·11@c20081030 |
| 905 | @aBZT@dQ933@e36 | |
| 微生物育种学术讨论会文集:研究工作报告/本书组编.-北京:科学出版社,1975.09 |
| 114页;26cm |
| ISBN :CNY0.80 |
| ● |
| 相关链接 |
|
|
|
正题名:微生物育种学术讨论会文集
索取号:Q933/36
 
预约/预借
| 序号 | 登录号 | 条形码 | 馆藏地/架位号 | 状态 | 备注 |
| 1 | 030093 | 201211857 | 中心书库中库/ 中库042架B面1列3层10/ [索取号:Q933/36] | 在馆 | |
| 2 | 030094 | 201211955 | 中心书库中库/ 中库042架B面1列3层11/ [索取号:Q933/36] | 在馆 |